[Event "RUS-chT 12th"]
[Site "Sochi"]
[Date "2005.04.19"]
[Round "1"]
[White "Belozerov, Andrei"]
[Black "Novikov, Stanislav"]
[Result "0-1"]
[WhiteElo "2554"]
[BlackElo "2589"]
[Annotator "Mueller,Karsten"]
[PlyCount "118"]
[EventDate "2005.04.19"]
[EventType "team-tourn"]
[EventRounds "11"]
[EventCountry "RUS"]
[SourceTitle "EXT 2020"]
[Source "ChessBase"]
[SourceDate "2019.10.17"]
[SourceVersion "1"]
[SourceVersionDate "2019.10.17"]
[SourceQuality "1"]
[WhiteTeam "Tomsk 400"]
[BlackTeam "Togliatti Lada"]
[WhiteTeamCountry "RUS"]
[BlackTeamCountry "RUS"]

1. e4 c5 2. Nc3 d6 3. Nge2 Nf6 4. d4 cxd4 5. Nxd4 a6 6. Bc4 e6 7. Bb3 Be7 8.
O-O O-O 9. f4 Nc6 10. Be3 Qc7 11. f5 Nxd4 12. Bxd4 b5 13. Qd3 b4 14. fxe6 bxc3
15. exf7+ Kh8 16. Bxc3 Bg4 17. Rf4 Bh5 18. Raf1 Bxf7 19. Rxf6 Bxf6 20. Rxf6
Bxb3 21. Rxf8+ Rxf8 22. axb3 Qc5+ 23. Bd4 Qa5 24. Qd1 Rf4 25. h3 Rxe4 26. Qf3
Qe1+ 27. Kh2 Kg8 28. c3 Qh4 29. Qd3 Qf4+ 30. g3 Qf5 31. Qxa6 h5 32. Kg2 Re1 33.
Qa8+ Kh7 34. Qf3 Qc2+ 35. Bf2 Re5 36. g4 hxg4 37. hxg4 Qxb2 38. Qd3+ Kh8 39.
Qxd6 Qxc3 40. b4 Kh7 41. Qb8 Qc6+ 42. Kg3 Rb5 43. Qf4 Qc3+ 44. Qe3 Qc4 45. Qd4
Rxb4 46. Qxc4 Rxc4 47. Be3 Kg6 48. Bd2 Kf6 49. Kf3 Ke5 50. Bg5 Rc3+ 51. Kf2 Ke4
52. Kg2 Rb3 53. Kf2 Rb5 54. Bc1 Rc5 55. Ba3 (55. Bd2 Rc2 56. Ke2 Rxd2+ 57. Kxd2
Kf4 $19) 55... Rc2+ 56. Kg3 {ab hier habe ich sehr starke Zweifel an der
Korrektheit der Notation.} Rc4 $2 (56... Rc3+ $19) 57. Kh4 $2 Ke5 $2 (57... Kf3
58. Kg5 Rxg4+ 59. Kf5 Rg1 60. Bc5 Rg2 61. Be7 g6+ 62. Kf6 g5 $19) 58. Kg5 $2 (
58. Bb2+ Kf4 59. Bxg7 $11) 58... Ke4 $2 59. Kh4 $2 (59. Bf8 Rc7 60. Kg6 $11)
59... Ke5 $2 0-1

[Event "Bundesliga 0405"]
[Site "Germany"]
[Date "2004.12.12"]
[Round "6.1"]
[White "Volokitin, Andrei"]
[Black "Lutz, Christopher"]
[Result "1/2-1/2"]
[WhiteElo "2652"]
[BlackElo "2596"]
[Annotator "Mueller,Karsten"]
[PlyCount "111"]
[EventDate "2004.11.12"]
[EventType "team-tourn"]
[EventRounds "15"]
[EventCountry "GER"]
[SourceTitle "CBM 105"]
[Source "ChessBase"]
[SourceDate "2005.04.11"]
[SourceVersion "1"]
[SourceVersionDate "2005.04.11"]
[SourceQuality "1"]
[WhiteTeam "Katernberg"]
[BlackTeam "Porz"]
[WhiteTeamCountry "GER"]
[BlackTeamCountry "GER"]

1. e4 c5 2. Nf3 d6 3. d4 cxd4 4. Nxd4 Nf6 5. Nc3 a6 6. Bc4 e6 7. Bb3 Nc6 8. O-O
Be7 9. f4 O-O 10. Kh1 Nxd4 11. Qxd4 b5 12. f5 b4 13. Qxb4 d5 14. Qd4 dxe4 15.
Qxd8 Rxd8 16. fxe6 Bxe6 17. Bg5 h6 18. Bh4 Ra7 19. Bxe6 fxe6 20. Rae1 Rb7 21.
Nxe4 Rxb2 22. Nxf6+ Bxf6 23. Bxf6 gxf6 24. Rxf6 Rxc2 25. Rxh6 Re2 26. Rb1 Rdd2
27. Rg6+ Kf7 28. Rg4 Rxa2 29. Rb7+ Kf6 30. h4 Re5 31. Kh2 Rh5 32. Kh3 a5 33.
Rgg7 Rh8 34. Rbf7+ Ke5 35. Rg5+ Kd6 36. Ra7 e5 37. Rg6+ {Weiß wickelt ins
Remis ab.} ({Mit} 37. h5 $5 {hätte er ein spannendes Wettrennen provozieren
können, z.B.} Kd5 38. g4 Rb8 39. Rf5 Ra1 40. h6 {mit weißem Vorteil.}) 37...
Kd5 38. Rga6 e4 39. Rxa5+ Rxa5 40. Rxa5+ Kd4 41. g4 e3 42. g5 e2 43. Ra1 Rf8
44. Re1 (44. h5 $4 Rf1 45. Ra4+ Ke5 $19) 44... Ke3 45. g6 Rf1 46. Rxe2+ Kxe2
47. Kg4 (47. h5 $4 Rg1 48. Kh4 Kf3 49. h6 Kf4 $1 $19) 47... Ke3 48. Kg5 Ke4 49.
g7 Ke5 50. Kg6 (50. g8=Q $4 Rg1+ 51. Kh6 Rxg8 $19) 50... Rg1+ 51. Kf7 (51. Kh7
Kf6 52. g8=Q Rxg8 53. Kxg8 Kg6 $11) 51... Rf1+ 52. Kg8 (52. Ke7 Rg1 53. Kf7 $11
) 52... Rf5 53. h5 Rxh5 (53... Kf6 54. h6 Rg5 55. Kf8 Ra5 56. Kg8 Ra8+ 57. Kh7
Kf7 58. g8=Q+ Rxg8 {patt}) 54. Kf7 Rg5 55. g8=Q Rxg8 56. Kxg8 1/2-1/2

[Event "Biel GM"]
[Site "Biel"]
[Date "1999.07.22"]
[Round "4"]
[White "Onischuk, Alexander"]
[Black "Pelletier, Yannick"]
[Result "1-0"]
[WhiteElo "2657"]
[BlackElo "2479"]
[Annotator "Pelletier,Y"]
[PlyCount "93"]
[EventDate "1999.07.19"]
[EventType "tourn"]
[EventRounds "10"]
[EventCountry "SUI"]
[EventCategory "14"]
[SourceTitle "CBM 072"]
[Source "ChessBase"]
[SourceDate "1999.10.01"]
[SourceVersion "1"]
[SourceVersionDate "1999.10.01"]
[SourceQuality "1"]

1. e4 c5 2. Nf3 d6 3. d4 cxd4 4. Nxd4 Nf6 5. Nc3 Nc6 6. Bc4 Qb6 7. Ndb5 a6 8.
Be3 Qa5 9. Nd4 e6 10. O-O Qc7 11. Bb3 Na5 {Durch Zugumstellung ist eine
bekannte Stellung der Sozin-Variante entstanden. Der letzte Zug wird im
Vergleich zu 11...Nxd4 12.Bxd4 b5 nicht so häufig angewendet, ist aber meiner
Meinung nach keineswegs schlechter.} 12. f4 b5 13. f5 e5 {So lang Weiss mit
dem c-Bauern auf b3 zurückschlagen kann, halte ich es für weise, den Tausch zu
verspäten. Oft erfolgt dieser auch gar nicht, denn der Na5 steht auf c4 sehr
schön.} 14. Nde2 Bb7 15. Ng3 $6 ({Als unklar gilt} 15. Nd5 Nxd5 16. Bxd5 Nc4
17. Qc1 ({oder} 17. Bc1 Qc5+ 18. Kh1 Bxd5 19. exd5 Nb6 20. Nc3 Be7 21. Ne4 $6
Qxd5 22. Qf3 Rc8 23. Be3 Nd7 $1 $17 {De Firmian-Va.Salov, New York 1996.})
17... Bxd5 18. exd5 Rc8 19. Bf2 ({In einer instruktiven Partie
Scholl-Polugaevsky (Amsterdam 1970) geschah} 19. b3 Nxe3 20. Qxe3 Qc5 $1 {
und Schwarz realisierte später seinen Vorteil.}) 19... Be7 ({Die Verbesserung
gegenüber der Partie Honfi-Tarjan, Majdanpek 1976:} 19... h5 $6 20. b3 Nb6 21.
Rd1 h4 22. Qe3 {mit klarem weissen Vorteil.}) 20. b3 Nb6 {. Weiss hat einige
Schwächen, die aber vom schwarzen Entwicklungsrückstand kompensiert wird.})
15... Nc4 (15... h5 16. Nd5 Nxd5 17. exd5 {erschien mir nicht so klar.}) 16.
Qf3 $2 {Onischuk hat es wahrscheinlich nicht erwartet, dass ich mich einfach
auf b2 bediene. Sonst hätte er} (16. Bxc4 Qxc4 17. Qd3 Rc8 $15 {den Vorzug
gegeben.}) 16... Nxb2 $5 (16... d5 17. Bxc4 Qxc4 18. exd5 b4 19. Na4 {ist eher
gut für Weiss, und der andere Versuch, von der Schwäche der Diagonale g1-a7 zu
profitieren, gefiel mir auch nicht:}) (16... Nxe3 17. Qxe3 d5 18. Qe2 {[%csl
Ge4][%cal Rb3f7] , und die weissen Figuren entfalten aktives Spiel.}) 17. Nd5 (
17. Bg5 Rc8 18. Nce2 Be7 19. Bxf6 Bxf6 20. Nh5 Nc4 $17) 17... Bxd5 18. Bxd5 (
18. exd5 h6 $17) 18... Rc8 19. Nh5 Nxd5 20. exd5 f6 21. a4 $5 {Der ukrainische
Grossmeister war sich seiner schlechten Stellung ganz bewusst und entschied
mit Hilfe eines Bauernopfers, den Charakter des Spiels völlig zu ändern.} Nxa4
22. c4 {[%cal Ga1a8,Gc1c8]} Qxc4 {Somit sind jetzt Linien für die weissen
Figuren geöffnet.} 23. Ng3 (23. Rfc1 Nc3 24. Bd2 $2 Ne2+ {scheiterte natürlich.
}) ({Auf} 23. Bd2 {plante ich das Qualitätsopfer mittels} Rc5 $5 24. Be3 Qxd5)
23... h5 $2 ({Ich befürchtete das Damenschach auf h5 zu sehr, und entschied,
meinen König im Zentrum des Brettes zu lassen. Eine riskante Wahl, wenn man
bedenkt, dass} 23... Be7 24. Qh5+ Kf8 25. Rfc1 Nc3 26. Rxa6 b4 {[%cal Yb2b1,
Yb4b1] Schwarz einen sehr grossen Vorteil versprochen hätte.}) 24. Ne4 (24.
Rfc1 $2 Nc3 25. Rxa6 h4 26. Ne4 Ne2+ 27. Qxe2 Qxe2 28. Rxc8+ Kd7 {und Schwarz
gewinnt}) 24... Kd8 25. Rfc1 (25. Rac1 $6 Qa2 (25... Qxd5 $2 26. Nxd6 Qxd6 27.
Rcd1) 26. Rxc8+ Kxc8 27. Rc1+ Kb7 $19) 25... Qxd5 {[%cal Gd1d8] Das war meine
Absicht, als ich 23....h5 zog. Ein vierter Bauer wird abgeräumt, aber auch
eine weitere Angriffslinie für Weiss aufgemacht.} 26. Rxc8+ (26. Rd1 Qb7 27.
Nxd6 Qxf3 28. gxf3 Bxd6 29. Rxd6+ Ke7 30. Rxa6 Rhd8 {war keineswegs zu
befürchten.}) 26... Kxc8 27. Nxd6+ $1 Qxd6 28. Qa8+ Kd7 ({Ich unterschätzte
die Kraft vom nächsten Zug meines Gegners; vielleicht hätte ich sonst} 28...
Qb8 {vorgezogen, mit der möglichen Folge} 29. Rc1+ (29. Qxa6+ Qb7 30. Qe6+ Qd7
31. Qa6+ Kd8) (29. Qc6+ Qc7 30. Qa8+ Kd7) 29... Bc5 30. Qxa6+ Qb7 31. Qe6+ Qd7
(31... Kb8 32. Bxc5 Nxc5 33. Rxc5 Rd8 34. Rc6) 32. Bxc5 (32. Qa6+ Kb8) 32...
Qxe6 33. fxe6 Kb7 $17) 29. Rc1 Nc5 30. Kh1 $1 {[%csl Rg1][%cal Ra7g1]} ({
Die Alternativen} 30. Bxc5 $4 Qxc5+ 31. Rxc5 Bxc5+ 32. Kf1 Rxa8) ({und} 30.
Qa7+ Qc7 {hätten sofort verloren.}) 30... Qd3 $2 {Gerade nachdem ich diesen
Zug ausgeführt habe, sah ich, ein gleichstehendes Endspiel verpasst hatte,
nämlich mittels} (30... e4 $6 {[%csl Rh2][%cal Gf8d6,Gd6h2]} 31. Bxc5 (31. g3
Qc6) 31... Qxh2+ 32. Kxh2 Bd6+ 33. Bxd6 Rxa8 {Hier wird Weiss sicher den Pe4
erobern, und das Gleichgewicht halten können.}) ({Einen klaren Vorteil hätte
aber} 30... Qc6 {versprochen, denn die schwarzen Bauern nach} 31. Rd1+ Kc7 32.
Qd8+ Kb7 33. Bxc5 Bxc5 34. Qxh8 (34. Rd7+ Qxd7 35. Qxd7+ Kb6 36. Qxg7 Rf8 $19)
34... a5 $1 35. Qxg7+ Ka6 {[%csl Ga5,Gb5] sehen sehr gefährlich aus.}) 31. Bxc5
Bxc5 32. Qxh8 Qxf5 33. Qxg7+ Kc6 34. Qf7 (34. Qa7 Qf1+ $1 35. Rxf1 Bxa7 36.
Rxf6+ Kb7 $17) 34... Kb6 (34... h4 $11) 35. Qd5 $6 $138 ({Besser war} 35. Qe8 {
, da das Dauerschach in diesem Fall gesichert gewesen wäre.}) 35... Qf2 $2 $138
({Nach dem Textzug büsst Schwarz seine ganze Koordination in der Verteidigung.
Die Dame musste unbedingt zur Hilfe ihres Monarches:} 35... Qc8 $1 {[%csl Rb6]
[%cal Gc8c6] und falls} 36. Rf1 $6 Be7 37. Qf7 $2 {, so} Qc4 $1 {mit
entscheidender Abwicklung ins Endspiel.}) 36. Qe6+ Kb7 37. Ra1 a5 $4 {[%csl
Ra5,Rb5]} ({Nach diesem groben Fehler fallen die letzten Steine um den
schwarzen König. Unklar blieb die Lage nach} 37... Bb6 38. Qd7+ (38. Qd5+ Kb8
39. Rc1 Qd4) 38... Bc7 ({nicht} 38... Kb8 39. Rc1 Bc5 40. Qd5 $18) 39. Qd5+ Kb8
40. Qe6 Qb6) 38. Qd7+ Ka6 $2 (38... Kb6 39. Qd8+ Kb7 40. Qxa5 $16) 39. Qc6+ Bb6
40. Qa8+ Ba7 41. Qc8+ Kb6 42. Rc1 $1 {Weiss erobert nun forciert die
gegnerische Dame.} a4 43. Qd8+ Kb7 44. Rc7+ Ka6 45. Rc6+ Qb6 (45... Bb6 46.
Qa8#) 46. Qxf6 e4 47. h4 1-0

[Event "Ashkhabad-A"]
[Site "Ashkhabad"]
[Date "1996.??.??"]
[Round "9"]
[White "Saltaev, Mihail"]
[Black "Annageldyev, Orazly"]
[Result "1-0"]
[WhiteElo "2530"]
[BlackElo "2485"]
[Annotator "Petursson,M"]
[PlyCount "80"]
[EventDate "1996.??.??"]
[EventType "tourn"]
[EventRounds "13"]
[EventCountry "TKM"]
[EventCategory "9"]
[SourceTitle "CBM 053"]
[Source "ChessBase"]
[SourceDate "1996.08.01"]
[SourceVersion "1"]
[SourceVersionDate "1996.08.01"]
[SourceQuality "1"]

1. e4 c5 2. Nf3 d6 3. d4 cxd4 4. Nxd4 Nf6 5. Nc3 a6 6. Bc4 e6 7. a3 Be7 8. O-O
O-O 9. Ba2 Nc6 10. Be3 Nxd4 11. Bxd4 Bd7 12. Qe2 Qc7 13. Rad1 Bc6 14. f3 b5 15.
Kh1 Rfd8 16. Qf2 Rab8 17. Rfe1 b4 18. axb4 Rxb4 19. Ne2 Rbb8 20. Bc3 d5 21. e5
Nd7 22. Nd4 Rdc8 23. Qd2 Nc5 24. Ra1 Be8 25. Bb1 Na4 26. Ba5 Bg5 27. f4 Bxf4
28. Qxf4 Qxa5 29. Rf1 Rxb2 30. Nxe6 Rcb8 31. Nxg7 Qb4 $2 (31... Kxg7 32. Qf6+
Kg8 33. e6 R8b7 34. Ra3 Qc7 35. Rg3+ Qxg3 36. hxg3 Rxb1 37. Qg5+ Kh8 38. Rxb1
Rxb1+ 39. Kh2 $14 {White is better because he willl win a piece}) 32. Qg3 Kh8
33. Nh5 Qf8 34. Ba2 Bb5 35. c4 Rxa2 36. Rxa2 Bxc4 37. e6 Rb7 38. Qe5+ Kg8 39.
Qg5+ Kh8 40. Qf6+ Kg8 1-0

[Event "Olympiad-32"]
[Site "Yerevan"]
[Date "1996.09.21"]
[Round "6.2"]
[White "De Firmian, Nick E"]
[Black "Stefansson, Hannes"]
[Result "1/2-1/2"]
[WhiteElo "2575"]
[BlackElo "2560"]
[Annotator "Psakhis,L"]
[PlyCount "96"]
[EventDate "1996.09.15"]
[EventType "team-swiss"]
[EventRounds "14"]
[EventCountry "ARM"]
[SourceTitle "CBM 055"]
[Source "ChessBase"]
[SourceDate "1996.12.01"]
[SourceVersion "1"]
[SourceVersionDate "1996.12.01"]
[SourceQuality "1"]
[WhiteTeam "US of America"]
[BlackTeam "Iceland"]
[WhiteTeamCountry "USA"]
[BlackTeamCountry "ISL"]

1. e4 c5 2. Nf3 d6 3. d4 cxd4 4. Nxd4 Nf6 5. Nc3 Nc6 6. Bc4 Qb6 7. Ndb5 a6 8.
Be3 Qa5 9. Nd4 e6 10. O-O Be7 11. Bb3 (11. f4 O-O 12. Kh1 Nxd4 13. Bxd4 e5 14.
Be3 Be6 15. Bb3 exf4 16. Rxf4 Nd7 17. Nd5 Bg5 $10 {Varavin,V-Kharlov,A/Elista
RUS-ch/1996/0,5/33/}) 11... O-O 12. Kh1 Qc7 (12... Bd7 13. f4 Nxd4 14. Bxd4 Bc6
15. Qd3 Rac8 16. f5 e5 17. Bf2 b5 18. a3 Qc7 19. Bh4 Rfd8 20. Bxf6 Bxf6 21. Nd5
Bxd5 22. Qxd5 $14 {Velimirovic,V-Drasko,M/Vrsac/1985/0,5/41/}) 13. f4 Nxd4 {N/}
(13... b5 14. f5 Nxd4 15. Qxd4 Bd7 16. Rad1 Rad8 17. Bg5 $36 {Ginsburg,
G-Naumann,A/BL 1996/1:0/35/}) 14. Qxd4 $5 (14. Bxd4 b5 15. e5 dxe5 16. fxe5 Nd7
) 14... Nd7 $6 (14... Ng4 15. Qb6 Bd8 16. Qxc7 Bxc7 17. Bd4 $14) 15. Rad1 Nc5
16. f5 $16 Nxb3 17. axb3 (17. cxb3 $5) 17... Re8 (17... b5 $6 18. f6 $1 (18.
Bf4 e5 19. Nd5 Qd7 20. Nxe7+ Qxe7 21. Qd5 Bb7 22. Bg5 $1 Qc7 $15) (18. fxe6
Bxe6 (18... fxe6 19. Rxf8+ (19. Nd5 $5) 19... Kxf8 (19... Bxf8 20. Bf4 $1) 20.
Rf1+ Kg8 21. Nd5 $1 Qd8 22. Nxe7+ Qxe7 23. Bf4 $16) 19. Bf4 Rad8 $13) 18...
Bxf6 (18... gxf6 19. Bh6 Rd8 20. Rd3 Kh8 21. Rg3 Rg8 22. Rxg8+ Kxg8 23. e5 $1
$18) 19. Rxf6 gxf6 20. Bh6 Qd8 (20... Qc5 21. Rd3 $1 $18) 21. Qf2 Kh8 22. Rxd6
$1 Qe7 23. Bxf8 Qxf8 24. Qxf6+ Kg8 25. Rd8 $18) 18. f6 $1 Bxf6 $8 (18... gxf6
19. Bh6 Qc5 20. e5 $1 Qxd4 21. Rxd4 Rd8 (21... fxe5 22. Rg4+ Kh8 23. Rxf7 $18)
(21... dxe5 22. Rg4+ Kh8 23. Bg7+ Kg8 24. Bxf6+ Kf8 25. Bg7+ Kg8 26. Bxe5+ Kf8
27. Bg7+ Kg8 28. Bh6+ Kh8 29. Rxf7 $18) (21... f5 22. exd6 Bf6 23. d7 $18) 22.
Rg4+ Kh8 23. Bg7+ Kg8 24. Bxf6+ Kf8 25. Bxe7+ Kxe7 26. Rg7 Rf8 27. exd6+ Kxd6
28. Rgxf7 $18) 19. Rxf6 $1 gxf6 20. Bh6 Qc5 (20... Qe7 21. e5 f5 (21... Kh8 22.
exd6 e5 (22... Qd8 23. d7) 23. Qh4 Qe6 24. d7 Bxd7 25. Rxd7 $18) 22. exd6 e5
23. dxe7 exd4 24. Nd5 $1 Be6 25. Nf6+ Kh8 26. Nxe8 Rxe8 27. Rxd4 $18) (20...
Qd8 21. e5 (21. Qf2 Kh8 22. Rxd6 Qe7 23. Qh4 $40) 21... Kh8 $8 22. Ne4 (22. Qh4
$5) 22... fxe5 23. Qxd6 Qxd6 24. Nxd6 Re7 25. Nxf7+ Kg8 26. Nxe5 Re8 27. Rd3
Kh8 28. Rg3 Re7 29. Bg5 $1 $18) 21. Qxf6 (21. Rd3 $6 Qxd4 22. Rg3+ Kh8 23. Bg7+
Kg8 24. Bh6+ Kh8 $10) 21... Qe5 $8 22. Qh4 f5 $8 23. Rd3 (23. Rxd6 $5 Kf7 $8
24. Bf4 Qg7 25. exf5 $18) 23... Kh8 24. Bf4 (24. Rg3 $1 Rg8 (24... Bd7 25. Bf4
Qd4 26. e5 $1 Rf8 27. Qe7 $18) 25. Rxg8+ Kxg8 26. Qd8+ (26. Qe7 Bd7 27. Qxd7
$18) 26... Kf7 27. Qf8+ Kg6 28. Ne2 $1 $18) 24... Qg7 25. Rg3 (25. exf5 exf5)
25... Qf7 26. Bxd6 $1 (26. Bh6 fxe4 (26... Rg8 $2 27. Rxg8+ Kxg8 28. Qd8+) 27.
Bg7+ Qxg7 28. Rxg7 Kxg7 29. Qg3+ Kh8 30. Qxd6 $16) 26... e5 27. Nd5 $4 (27.
Bxe5+ $1 Rxe5 28. Qd8+ Re8 29. Qd4+ $18) 27... fxe4 $1 28. Qf6+ $2 (28. Kg1 $1
Bf5 29. Ne7 $16) 28... Qxf6 29. Nxf6 Bf5 $1 (29... Rd8 $6 30. Nd7 $1 Re8 31.
Nb6 Re6 32. Bc7 $18) 30. Nxe8 Rxe8 31. Rg5 Re6 $5 32. Bb8 e3 33. Kg1 Bg6 34.
Rxe5 Rxe5 35. Bxe5+ Kg8 $10 36. c3 Bf7 (36... Kf7 37. Bd4 e2 $10) 37. c4 Bg6
38. Bd4 (38. b4 Bd3 39. b3 Bc2) 38... Bc2 39. Bxe3 Bxb3 40. c5 Kf7 41. Kf2 h5
42. Kg3 Kg6 43. Kf4 Bd5 44. g4 hxg4 45. Kxg4 Bc6 46. h4 Bd5 47. h5+ Kh7 48. Kf5
Bh1 1/2-1/2

[Event "URS-chT Cup 11th"]
[Site "Rostov on Don"]
[Date "1980.05.??"]
[Round "4"]
[White "Mikhalchishin, Adrian"]
[Black "Tukmakov, Vladimir B"]
[Result "1/2-1/2"]
[WhiteElo "2490"]
[BlackElo "2560"]
[Annotator "RR"]
[PlyCount "48"]
[EventDate "1980.05.23"]
[EventType "team-tourn"]
[EventRounds "7"]
[EventCountry "URS"]
[SourceTitle "EXT 2020"]
[Source "ChessBase"]
[SourceDate "2019.10.17"]
[SourceVersion "1"]
[SourceVersionDate "2019.10.17"]
[SourceQuality "1"]
[WhiteTeam "Avangard"]
[BlackTeam "Soviet Army"]
[WhiteTeamCountry "URS"]
[BlackTeamCountry "URS"]

1. e4 c5 2. Nf3 d6 3. d4 cxd4 4. Nxd4 Nf6 5. Nc3 Nc6 6. Bc4 e6 (6... Qb6 $5 7.
Nb3 e6 8. O-O a6 9. a4 Qc7 10. Be3) 7. Bb3 Be7 8. Be3 a6 9. f4 (9. Qe2 $5 {
[%cal Ge1c1,Gg2g4,Gg4g5] L'attaque Velimirovic} Qc7 10. O-O-O) 9... O-O 10. Qe2
Qc7 11. f5 {Mikhalchishin a essayé plusieurs fois cette ligne secondaire а
cette époque mais avec des résultats assez mitigiés} (11. O-O-O $142 {
Ljubojevic,L-Haelg,A Zuerich U20 1970 (4) 1-0}) 11... Nxd4 (11... Na5 $5 {
[%cal Ga5b3];Mikhalchishin,A (2435)-Panchenko,A URS-ch YM Alma-Ata 1977 1/2})
12. Bxd4 exf5 $1 (12... b5 {Mikhalchishin,A (2425)-Popov,N URS-ch YM Leningrad
1976 1-0}) 13. O-O Be6 $132 14. exf5 Bxb3 15. axb3 Rfe8 16. Kh1 Qc6 17. Qd3 Nd7
18. Rad1 Rad8 (18... Ne5 $142 19. Qg3 Bf6) 19. Qg3 f6 20. Be3 (20. Rfe1 {
[%csl Ge6]}) 20... Bf8 21. Bf4 Nb6 22. Be3 Nd7 23. Bf4 Nb6 24. Be3 Rd7 1/2-1/2

[Event "Luxembourg-chT 1112"]
[Site "Luxembourg"]
[Date "2012.03.03"]
[Round "10"]
[White "Philippe, Christophe"]
[Black "Berend, Elvira S"]
[Result "1-0"]
[WhiteElo "2418"]
[BlackElo "2370"]
[Annotator "RR"]
[PlyCount "85"]
[EventDate "2011.10.??"]
[EventType "team-tourn"]
[EventRounds "10"]
[EventCountry "LUX"]
[SourceTitle "EXT 2017"]
[Source "ChessBase"]
[SourceDate "2016.10.25"]
[SourceVersion "1"]
[SourceVersionDate "2016.10.25"]
[SourceQuality "1"]
[TimeControl "40/5400+30:1800+30"]

1. e4 c5 2. Nf3 d6 3. d4 cxd4 4. Nxd4 Nf6 5. Nc3 a6 6. Bc4 e6 7. Bb3 Qc7 {
Une ligne secondaire un peu passive} (7... b5 $142) (7... Nbd7 $142 {[%cal
Gd7c5,Gc5b3]}) 8. O-O Be7 (8... Nc6) 9. f4 Nc6 (9... O-O 10. f5) 10. Be3 (10.
Kh1 O-O 11. f5 Nxd4 12. Qxd4 b5 13. Bg5 $14) 10... O-O 11. f5 $1 Nxd4 12. Bxd4
b5 13. a3 (13. fxe6 fxe6 14. Kh1 Bd7) 13... exf5 $6 {Les Noirs espèrent
profiter de l'ouverture de la colonne "e" mais ils perdent le contrôle de la
case "d5" et cette ouverture semble prématurée} (13... Rb8 $1 {[%csl Gd5]
[%cal Gb5b4] Plus solide} 14. Qd3 b4 $132 {Lukin,A (2455)-Aseev,K (2530)
Petrov Memorial op 1996 (7) 0-1}) 14. exf5 {[%csl Gd5]} Bb7 15. Qd2 (15. Qd3 d5
{Parma,B-Minic,D Novi Sad 1965 (15) 1/2}) 15... h6 $146 (15... Nd7 16. Rad1 Ne5
17. Nd5 Bxd5 18. Bxd5 Rac8 19. c3 Bf6 20. Qe2 Rfe8 21. Qh5 Re7 22. Rde1 Rce8
23. Re3 Qd8 24. Rfe1 g6 25. Qh3 Nd7 26. Bxf7+ Kxf7 27. Qxh7+ Kf8 28. Qh6+ Kg8
29. Qxg6+ Bg7 30. Bxg7 Nf8 31. Bxf8+ Kxf8 {1-0 (31) Snuverink,J (2175)-Van den
Berg,H Tilburg 2003}) 16. Rae1 Rae8 $1 (16... Rac8 $143 $6) 17. Re3 $1 {
Comme souvent dans une sicilenne ouverte, les Blancs doivent attaquer avant
que les Noirs n'aient le temps de contre-attaquer} Bd8 $1 {Les Noirs ont
beaucoup d'expérience sur cette défense Najdorf et les pièces Noires sont
maintenant bien coordonnées} 18. Rg3 {[%cal Gg3g8,Gd2h6]} Kh7 (18... Kh8) 19.
Nd5 $1 $40 {[%csl Rg7][%cal Gd4g7,Gg3g7]} Bxd5 20. Bxd5 Rg8 21. Rc3 $1 {
[%cal Gd5f7]} Qe7 22. Bc6 Qe2 $8 23. Qxe2 Rxe2 24. Bf3 Re7 25. Rc6 a5 (25...
Bc7 26. Rxa6) 26. Rxd6 Bc7 27. Rc6 Be5 28. Bxe5 (28. Re1 Rge8) 28... Rxe5 29.
Rc7 Rf8 30. Ra7 $1 a4 31. Rb7 Rc5 32. c3 {[%csl Rb5] La faiblesse "b5" doit
tomber} Kg8 {[%cal Gg8f7,Gf8e8]} 33. Be2 $18 Re5 34. Bxb5 Rd8 35. Bc4 Rd2 36.
Bxf7+ Kf8 37. Bc4 Ng4 38. Rf7+ Ke8 39. Rxg7 Re4 40. f6 Nxf6 41. Bb5+ Nd7 42.
Rxd7 Rxd7 43. Rd1 1-0